00555nam a2200169 a 450000100100000000500170001000800410002702000180006804000250008608200110011110000290012224500740015126000350022530000230026050000700028350400320035300004842820201002061139.0190315s2017 dr 000 0 spa d a9789993445241 aDO-SdBNPbspacBNPHU axxbxx1 aGarcía Molina, Bartolo10aLectura y construcción de conocimiento /cBartolo García Molina,. aSanto Domingo :bSurco,c2017. a173 p. : ;c24 cm. aIncluye datos biográficos del autor en la solapa de la cubierta aBibliografía : p. 167-173